|
|
|
|
| LEADER |
00604nam a22001931a 4500 |
| 020 |
|
|
|a 9788126707065
|c 0.00
|
| 040 |
|
|
|a SSUS - Library - Kalady
|
| 082 |
|
|
|a H1
|b DIN/M
|
| 100 |
|
|
|a Dinesh Jugran
|
| 245 |
|
|
|a Mera ujar pados
|h [Text]
|
| 260 |
|
|
|a New Delhi
|b Rajkamal
|c 2003
|
| 300 |
|
|
|a 108p.
|
| 600 |
|
|
|a Literature Hindi
|
| 600 |
|
|
|a Literature
|
| 600 |
|
|
|a Poetry Hindi
|
| 852 |
|
|
|h H1
|i DIN/M
|p 050975
|9 125.00
|t 0
|
| 942 |
|
|
|c BK
|
| 999 |
|
|
|c 28694
|d 28694
|
| 952 |
|
|
|0 0
|1 0
|4 0
|6 H_1_000000000000000_DIN_M
|7 0
|9 41370
|a SSUS
|b SSUS
|d 2015-01-08
|g 125.00
|l 1
|o H1 DIN/M
|p 050975
|r 2017-09-28
|s 2017-09-19
|v 0.00
|w 2015-01-08
|y BK
|